High temperature gas dynamics : (Record no. 22314)

MARC details
000 -LEADER
fixed length control field 01065cam a22003131i 4500
001 - CONTROL NUMBER
control field 18059271
003 - CONTROL NUMBER IDENTIFIER
control field EG-ScBUE
005 - DATE AND TIME OF LATEST TRANSACTION
control field 20250522132447.0
008 - FIXED-LENGTH DATA ELEMENTS--GENERAL INFORMATION
fixed length control field 140307t2014 sz a f b 001 0 eng d
020 ## - INTERNATIONAL STANDARD BOOK NUMBER
International Standard Book Number 9783319051994
040 ## - CATALOGING SOURCE
Original cataloging agency EG-ScBUE
Language of cataloging eng
Description conventions rda
Transcribing agency EG-ScBUE
Modifying agency EG-ScBUE
082 04 - DEWEY DECIMAL CLASSIFICATION NUMBER
Edition number 22
Classification number 533.2
Item number BOS
100 1# - MAIN ENTRY--PERSONAL NAME
Personal name Bose, T. K.
Fuller form of name (Tarit Kumar),-
Dates associated with a name 1939-
9 (RLIN) 5881
Relator term author.
245 10 - TITLE STATEMENT
Title High temperature gas dynamics :
Remainder of title an introduction for physicists and engineers /
Statement of responsibility, etc Tarit K. Bose.
250 ## - EDITION STATEMENT
Edition statement Second edition.
264 #1 - PUBLICATION, DISTRIBUTION, ETC. (IMPRINT)
Place of publication, distribution, etc Swizerland :
Name of publisher, distributor, etc Springer,
Date of publication, distribution, etc [2014]
264 #4 - PUBLICATION, DISTRIBUTION, ETC. (IMPRINT)
Date of publication, distribution, etc c2014
300 ## - PHYSICAL DESCRIPTION
Extent xvii, 518 pages :
Other physical details illustrations ;
Dimensions 24 cm
336 ## - CONTENT TYPE
Source rdacontent
Content type term text
Content type code txt
337 ## - MEDIA TYPE
Media type term unmediated
Source rdamedia
Media type code n
338 ## - CARRIER TYPE
Carrier type term volume
Carrier type code nc
Source rdacarrier
504 ## - BIBLIOGRAPHY, ETC. NOTE
Bibliography, etc Includes bibliographical references and index.<br/>
650 #7 - SUBJECT ADDED ENTRY--TOPICAL TERM
9 (RLIN) 1976
Topical term or geographic name as entry element Gas dynamics.
Source of heading or term BUEsh
650 #7 - SUBJECT ADDED ENTRY--TOPICAL TERM
Topical term or geographic name as entry element Gases at high temperatures.
9 (RLIN) 41039
Source of heading or term BUEsh
650 #7 - SUBJECT ADDED ENTRY--TOPICAL TERM
Topical term or geographic name as entry element High temperature plasmas.
9 (RLIN) 41040
Source of heading or term BUEsh
653 ## - INDEX TERM--UNCONTROLLED
Resource For college Engineering, Petroleum
Arrived date list September2016
655 ## - INDEX TERM--GENRE/FORM
Form subdivision Reading book
942 ## - ADDED ENTRY ELEMENTS (KOHA)
Source of classification or shelving scheme Dewey Decimal Classification
Koha item type Book - Borrowing
Holdings
Withdrawn status Lost status Source of classification or shelving scheme Damaged status Not for loan Collection code Home library Current library Shelving location Date acquired Source of acquisition Cost, normal purchase price Serial Enumeration / chronology Total Checkouts Full call number Barcode Date last seen Cost, replacement price Price effective from Koha item type
    Dewey Decimal Classification     Academic Bookshop Central Library Central Library First floor 07/09/2016 Purchase 1560.00 2000085   533.2 BOS 000033550 15/07/2025 1950.00 07/09/2016 Book - Borrowing